| 000 | 01094nam a2200229Ia 4500 | ||
|---|---|---|---|
| 001 | L262-19516 | ||
| 003 | IT-CnALBA | ||
| 008 | 170116s9999||||xx |||||||||||||| ||und|| | ||
| 040 |
_aIT-CnALBA _cIT-CnALBA |
||
| 041 | _aLATINO | ||
| 100 | _aFERRARIS F. LUCIO, DEI MINORI | ||
| 245 | 0 | _aPROMPTAE BIBLIOTHECAE SUPPLEMENTUM CONTINENS RECENSIORA ACTAA S. SEDIS ET RECENSIORES RESOLUTIONES AC... TOMUS IX. | |
| 250 | _a1a ed. | ||
| 260 |
_aROMA _bPROPAGANDA FIDE. PONTIFICIO ISTIT. ROMA' _c1899 [1° Ed.:1899 - Ed.Ling.Originale: 1899] |
||
| 300 | _a760 p. | ||
| 500 | _aLETTERE A V. SUPPLEMENTO ALL'ENCICLOPEDIA RELIGIOSA CON GLI ATTI PIÙ RECENTI DELLA SANTA SEDE E DELLE SS. CONGREGAZIONI ROMANE. INDICE DEL TOMO IN FINE. | ||
| 501 | _aSocietà San Paolo EM - Piazza San Paolo, 14 - 12051 ALBA (CN) (non commercial uses only) ® Copyright 2017 | ||
| 520 | _aLETTERE A V. SUPPLEMENTO ALL'ENCICLOPEDIA RELIGIOSA CON GLI ATTI PIÙ RECENTI DELLA SANTA SEDE E DELLE SS. CONGREGAZIONI ROMANE. INDICE DEL TOMO IN FINE. | ||
| 650 | _aECCLESIOLOGIA | ||
| 942 | _cBK | ||
| 957 | _71 | ||
| 999 |
_a24255 _bSI _g Copie: 1 _c278637 _d278637 |
||